Statistics for Things that are Happy Quiz

Click here to take the quiz!

General Stats

  • This quiz has been taken 71,800 times
    (53,592 since last reset)
  • The average score is 12 of 20

Answer Stats

ClueAnswer% Correct
McDonald's offeringHappy Meal
98%
In fairy tales, they all live...Happily Ever After
96%
Time for cheap drinksHappy Hour
96%
2006 movie about penguinsHappy Feet
91%
Politically correct way to say
"Merry Christmas"
Happy Holidays
84%
Slang for an antidepressantHappy Pill
77%
TV show featuring The FonzHappy Days
74%
What a movie or a massage
might have
Happy Ending
69%
Eager to shootTrigger Happy
69%
Adam Sandler movieHappy Gilmore
68%
How old are you?Happy Birthday
67%
Contented person in a tent?Happy Camper
60%
Advice of Bobby McFerrinDon't Worry, Be Happy
42%
Life, liberty, and ...The Pursuit of Happiness
38%
So long, cowboyHappy Trails
32%
1967 song by the TurtlesHappy Together
24%
Ren & Stimpy songHappy Happy Joy Joy
23%
Home of Penn State UniversityHappy Valley
23%
Giddy; Punch drunkSlap Happy
17%
Tolstoy said they are all alikeHappy Families
12%

Score Distribution

Percentile by Number Answered

Percent of People with Each Score

Your Score History

You have not taken this quiz since the last reset